000 00296nam a22001337a 4500
008 170620b xxu||||| |||| 00| 0 eng d
020 _a9781626371514
041 _aeng
080 _a32
100 _a20
101 _aSHP
245 _aINTERNATIONAL ORGANIZATIONS
_cKARNS, M.P
942 _2udc
_cBK
999 _c18302
_d18302